Normal view
MARC view
- Thompson, Rob
Entry Personal Name
001 - CONTROL NUMBER
- control field: 86604
003 - CONTROL NUMBER IDENTIFIER
- control field: NUST
005 - DATE AND TIME OF LATEST TRANSACTION
- control field: 20211214125947.0
008 - FIXED-LENGTH DATA ELEMENTS
- fixed length control field: 211214|| aca||aabn | a|a d
040 ## - CATALOGING SOURCE
- Original cataloging agency: NUST
- Transcribing agency: NUST
100 ## - HEADING--PERSONAL NAME
- Personal name: Thompson, Rob
670 ## - SOURCE DATA FOUND
- Source citation: Work cat.: (NUST)32845: Thompson, Rob., The Manufacturing Guides Product & Furniture Design / , 2011.
